Hồ Chí Minh với văn nghệ sĩ - văn nghệ sĩ với Hồ Chí Minh

Gồm những hồi ức của các văn nghệ sĩ nổi tiếng của nhiều nước trên thế giới viết về Bác, về những ấn tượng, những cảm xúc vô cùng sâu sắc, xúc động thể hiện lòng kính yêu của họ đối với Chủ tịch Hồ Chí Minh...

Cur síos iomlán

Đã lưu trong:
Sonraí Bibleagrafaíochta
Príomhúdar: Hữu, Thỉnh
Formáid: Leabhar
Teanga:Undetermined
Foilsithe: Hà Nội Hội nhà văn 2012
Ábhair:
Clibeanna: Cuir Clib Leis
Gan Chlibeanna, Bí ar an gcéad duine leis an taifead seo a chlibeáil!
Thư viện lưu trữ: Trung tâm Học liệu Trường Đại học Cần Thơ
LEADER 01006nam a2200205Ia 4500
001 CTU_190327
008 210402s9999 xx 000 0 und d
082 |a 959.704092 
082 |b Th312/T.3 
100 |a Hữu, Thỉnh 
245 0 |a Hồ Chí Minh với văn nghệ sĩ - văn nghệ sĩ với Hồ Chí Minh 
245 0 |c Hữu Thỉnh (Chủ biên) 
260 |a Hà Nội 
260 |b Hội nhà văn 
260 |c 2012 
520 |a Gồm những hồi ức của các văn nghệ sĩ nổi tiếng của nhiều nước trên thế giới viết về Bác, về những ấn tượng, những cảm xúc vô cùng sâu sắc, xúc động thể hiện lòng kính yêu của họ đối với Chủ tịch Hồ Chí Minh 
650 |a Communists,Đảng Cộng sản Việt Nam 
650 |z Vietnam 
904 |i Phương, Như 
980 |a Trung tâm Học liệu Trường Đại học Cần Thơ